000 00386nam a2200145Ia 4500
008 231129s1999||||xx |||||||||||||| ||spa||
020 _a958-04-5127-3
040 _bspa
082 _a(i) 808.068543 D542c
100 _aDiaz Granados Jose Luis
245 0 _aCuentos y leyendas de Colombia
260 _c1999
264 _aNorma
942 _2ddc
_cBKS
999 _c8543
_d8543